000 00469nam a2200145Ia 4500
008 220214s9999 xx 000 0 und d
022 _a0003-4835
245 0 _aANNALS OF LIBRARY SCIENCE AND DOCUMENTATION
260 _bIndian National Scientific Documentation Centre, New Delhi
_aIndia
310 _aM
500 _aEnding Volume & Year: 46, 1999
500 _aMissing Volume: 20;30;31;33;34;36;44(2);46(1)
500 _aStarting Volume & Year: 10, 1963
942 _cBJ
999 _c1396
_d1396